00289nam a2200133Ia 45000030006000000080041000060400015000471000023000622450024000852600009001093000006001185460014001240050017001380STCL150530s9999 xx 000 0 und d aSTCLcSTCL aBalachandran, V.K. aAayirathonnuravukal c1974 a0 aMalayalam20220125170743.0